Szczegóły MARC
| 000 -ETYKIETA REKORDU |
| podpole kontrolne o stałej długości |
02192nem a2200529 i 4500 |
| 001 - NUMER KONTROLNY REKORDU |
| pole kontrolne |
35223 |
| 003 - IDENTYFIKATOR NUMERU KONTROLNEGO REKORDU |
| podpole kontrolne |
KOSZ 005 |
| 005 - DATA OSTATNIEJ MODYFIKACJI REKORDU |
| podpole kontrolne |
20200207120028.0 |
| 006 - DANE KONTROLNE - DODATKOWA CHARAKTERYSTYKA DOKUMENTU |
| podpole kontrolne o stałej długości |
m d |
| 007 - DANE KONTROLNE - FORMA FIZYCZNA DOKUMENTU |
| podpole kontrolne o stałej długości |
ad canzn |
| 008 - POLE O STAŁEJ DŁUGOŚCI - DANE KONTROLNE |
| podpole kontrolne o stałej długości |
070620s2004 pl e | 1 pol |
| 015 ## - NUMER BIBLIOGRAFII NARODOWEJ |
| Numer bibliografii narodowej |
BDK 2004/459 |
| 020 ## - MIĘDZYNARODOWY ZNORMALIZOWANY NUMER KSIĄŻKI - ISBN |
| ISBN |
8388611585 |
| 034 1# - DANE MATEMATYCZNE ZAKODOWANE |
| Rodzaj skali |
a |
| Liniowa skala pozioma |
16000 |
| 035 ## - NUMER SYSTEMOWY |
| Numer systemowy przejętego rekordu |
991024768349705066 |
| 035 ## - NUMER SYSTEMOWY |
| Numer systemowy przejętego rekordu |
(PL-WaBN)b16756368-48omnis_nlop |
| 035 ## - NUMER SYSTEMOWY |
| Numer systemowy przejętego rekordu |
b16756368 |
| 035 ## - NUMER SYSTEMOWY |
| Numer systemowy przejętego rekordu |
(OCoLC)838912956 |
| 035 ## - NUMER SYSTEMOWY |
| Numer systemowy przejętego rekordu |
(PL)b0000001675636 |
| 035 ## - NUMER SYSTEMOWY |
| Numer systemowy przejętego rekordu |
(EXLNZ-48OMNIS_NETWORK)9910291044105606 |
| 040 ## - ŹRÓDŁO KATALOGOWANIA |
| Instytucja, która sporządziła opis |
WA N |
| Instytucja, która utworzyła rekord |
WA N |
| Instytucja, która dokonała modyfikacji |
KOSZ 005/HR |
| 080 ## - UNIWERSALNA KLASYFIKACJA DZIESIĘTNA - UKD |
| UKD |
912(438) |
| 245 00 - TYTUŁ/ODPOWIEDZIALNOŚĆ |
| Tytuł |
Poznań i okolice : |
| Ciąg dalszy tytułu |
skala 1:16 000 / |
| Pozostałe elementy strefy tytułu i oznaczenia odpowiedzialności |
oprac. wydawca MAPY ŚCIENNE BEATA PIĘTKA WYDAWNICTWO KARTOGRAFICZNE ; "nowe opracowanie". |
| 255 ## - STREFA DANYCH MATEMATYCZNYCH |
| Oznaczenie skali |
Skala 1:16 000. |
| 260 ## - STREFA ADRESU WYDAWNICZEGO |
| Miejsce wydania |
Katowice : |
| Nazwa wydawcy/dystrybutora |
MAPY ŚCIENNE, Beata Piętka, |
| Data publikacji, dystrybucji/powstania dokumentu |
[2004]. |
| 300 ## - STREFA OPISU FIZYCZNEGO |
| Objętość |
1 atlas (s. mapy 2-87, s. indeks 88-100, s. tekst 101-119 ) : |
| Inne cechy fizyczne |
kolor. ; |
| Rozmiary |
22 cm, skoroszyt. |
| 380 ## - FORMA I TYP PUBLIKACJI |
| Forma i typ publikacji |
Mapy |
| 388 ## - CZAS POWSTANIA |
| Czas powstania |
2001- |
| 500 ## - UWAGI OGÓLNE |
| Tekst uwagi |
Dokument towarzyszący: Polska [Dokument elektroniczny] : atlas drogowy turystyczno-krajoznawczy / [oprac. informatyczne Grzegorz Guździoł ; przygotow. materiałów Danuta Hazuk ; koordynator projektu Łukasz Bula]. Multimedia interakcyjne. Katowice : Mapy Ścienne Beata Piętka, 2001. |
| 500 ## - UWAGI OGÓLNE |
| Tekst uwagi |
Tekst: inform. adresowy, wykaz komunikacji. |
| 500 ## - UWAGI OGÓLNE |
| Tekst uwagi |
Tyt. okł. |
| 500 ## - UWAGI OGÓLNE |
| Tekst uwagi |
Zawiera plany 16 miejscowości i 13 gmin z okolic Poznania. |
| 540 ## - UWAGA DOTYCZĄCA PRAWA AUTORSKIEGO |
| Warunki wykorzystania i reprodukowania |
Cop. MAPY ŚCIENNE, Beata Piętka. |
| 546 ## - UWAGA O JĘZYKU |
| Uwaga o języku |
Treść mapy w jęz. pol., legenda także w jęz. ang. i niem. |
| 648 #7 - HASŁO PRZEDMIOTOWE - TERMIN CHRONOLOGICZNY |
| Termin chronologiczny |
2001- |
| Źródło hasła lub terminu |
DBN |
| 651 #7 - HASŁO PRZEDMIOTOWE W FORMIE NAZWY GEOGRAFICZNEJ |
| Nazwa geograficzna |
Poznań (woj. wielkopolskie ; okolice) |
| Źródło hasła lub terminu |
DBN |
| 655 #7 - TERMIN INDEKSOWY - OKREŚLENIE RODZAJU/FORMY DOKUMENTU |
| Określenie rodzaju/formy dokumentu |
Plan miasta |
| Źródło terminu |
DBN |
| 658 ## - TERMIN INDEKSOWY - PRZEDMIOT PROGRAMU NAUCZANIA |
| Główny przedmiot programu nauczania |
Geografia i nauki o Ziemi |
| 658 ## - TERMIN INDEKSOWY - PRZEDMIOT PROGRAMU NAUCZANIA |
| Główny przedmiot programu nauczania |
Podróże i turystyka |
| 700 1# - HASŁO DODATKOWE - NAZWA OSOBOWA |
| Nazwa osobowa |
Bula, Łukasz |
| Określenie związku między hasłem a opisywanym materiałem |
Projekt |
| 700 1# - HASŁO DODATKOWE - NAZWA OSOBOWA |
| Nazwa osobowa |
Guździoł, Grzegorz |
| Określenie związku między hasłem a opisywanym materiałem |
Opracowanie |
| 700 1# - HASŁO DODATKOWE - NAZWA OSOBOWA |
| Nazwa osobowa |
Hazuk, Danuta |
| Określenie związku między hasłem a opisywanym materiałem |
Opracowanie |
| 710 2# - HASŁO DODATKOWE - NAZWA CIAŁA ZBIOROWEGO |
| Nazwa ciała zbiorowego lub jednostki geograficznej |
Wydawnictwo Piętka |
| Określenie związku między hasłem a opisywanym materiałem |
Wydawca |
| 856 ## - LOKALIZACJA I DOSTĘP DO ELEKTRONICZNYCH DOKUMENTÓW ZDALNYCH |
| Link (URL) |
http://koha.tu.koszalin.pl/cgi-bin/koha/opac-detail.pl?biblionumber=35223 |
| Tekst linku |
Katalogonline BPK |
| 942 ## - DODATKOWE ELEMENTY (KOHA) |
| Schemat klasyfikacji |
Uniwersalna Klasyfikacja Dziesiętna |
| Typ dokumentu |
Kartograficzne |